| 000 | 00371cam a2200145ua 4500 | ||
|---|---|---|---|
| 041 |
_amal _h |
||
| 082 |
_a894.8124 _bAPP/VA |
||
| 100 | _aAppan, M P . | ||
| 245 |
_aVajra bindukkal / _cM P Appan. _hTextual Documents |
||
| 260 |
_aThiruvananthapuram : _bThe Educational Supplies Deopt , _c1956. |
||
| 300 | _a101 ; . | ||
| 504 | _a | ||
| 942 | _cBK | ||
| 999 |
_c6161 _d6161 |
||